İçeriği atla
Inicio
Centros participantes
Catálogo
Servicios
Contacto
Giriş
English
Deutsch
Español
Français
Italiano
日本語
Nederlands
Português
Português (Brasil)
中文(简体)
中文(繁體)
Türkçe
עברית
Gaeilge
Cymraeg
Ελληνικά
Català
Euskara
Русский
Čeština
Suomi
Svenska
polski
Dansk
slovenščina
اللغة العربية
বাংলা
Galego
Tiếng Việt
Hrvatski
हिंदी
Հայերէն
Українська
Sámegiella
Dil
Tüm Alanlar
Materyal Adı
Yazar
Konu
Yer Numarası
ISBN/ISSN
Etiket
Ara
Gelişmiş
Lucha de clases
Alıntıla
E-posta Gönder
Yazdır
Kaydı İhraç Et
İhraç Et RefWorks
İhraç Et EndNoteWeb
İhraç Et EndNote
Favorilerime ekle
Kalıcı bağlantı
İlk derecelendirmeyi ekleyin
Lucha de clases
Kaydedildi:
Detaylı Bibliyografya
Müşterek Yazar:
INCEP
Materyal Türü:
Metin
Baskı/Yayın Bilgisi:
Guatemala:
INCEP
Etiketler:
Etiketle
Etiket eklenmemiş, İlk siz ekleyin!
Erişim Bilgileri
Diğer Bilgiler
Yorumlar
Benzer Materyaller
MARC Görünümü
MARC
LEADER
00000 a a2200000 04500
001
23271
003
040
090
|a
161000
110
|a
INCEP
245
|a
Lucha de clases
260
|a
Guatemala:
|b
INCEP
300
|a
p. irreg,
|b
fonodiscos
999
|c
10757
|d
10757
Benzer Materyaller
Recopilación de Tratados
Proyecto. Ley de ordenamiento agrario y desarrollo rural. Alcance n. 129 miércoles 13 de agosto de 1975
Las disposiciones comunitarias en materia de Seguridad social. Sus derechos cuando se desplaza en la Unión Europea
Economía y cristianismo
Clases y lucha de clases /
Yazar:: Glezerman, G.